| Tag |
First Indicator |
Second Indicator |
Subfields |
| LEADER |
00000cam a2200000 4500 |
| 001 |
in00000065144 |
| 005 |
20151008051225.0 |
| 008 |
721116s1960 mdu b 00000 eng u |
| 010 |
|
|
|a 60012192
|
| 035 |
|
|
|a (OCoLC)00497446
|
| 035 |
|
|
|9 AAG6563AM
|
| 040 |
|
|
|c WSU
|d TXA
|d UtOrBLW
|
| 049 |
|
|
|a TXAM
|c [326767]
|
| 050 |
|
0 |
|a JC73
|b .O6 1960
|
| 092 |
|
|
|a 342.38
|b O48d
|
| 100 |
1 |
|
|a Oliver, James Henry,
|d 1905-1981.
|
| 245 |
1 |
0 |
|a Demokratia, the gods, and the free world.
|
| 264 |
|
1 |
|a Baltimore :
|b Johns Hopkins Press,
|c [1960]
|
| 300 |
|
|
|a 192 pages :
|b illustrations ;
|c 23 cm.
|
| 336 |
|
|
|a text
|b txt
|2 rdacontent
|
| 337 |
|
|
|a unmediated
|b n
|2 rdamedia
|
| 338 |
|
|
|a volume
|b nc
|2 rdacarrier
|
| 504 |
|
|
|a Includes bibliography.
|
| 651 |
|
0 |
|a Greece
|x Politics and government.
|
| 651 |
|
0 |
|a Rome
|x Politics and government.
|
| 999 |
|
|
|a MARS
|
| 999 |
f |
f |
|s f0d565ea-ef51-392d-a48d-e439ef05ff49
|i 88a5486c-6808-3eeb-bccc-b74828dd09de
|t 0
|
| 952 |
f |
f |
|p ric
|a Texas A&M University
|b Rellis Campus
|c Joint Library Facility
|d Remote Storage
|t 0
|e JC73 .O6 1960
|h Library of Congress classification
|i unmediated -- volume
|m A14800786182
|
| 952 |
f |
f |
|p noncirc
|a Texas A&M University
|b College Station
|c Sterling C. Evans Library
|d Bodrum (located in Turkey)
|t 0
|e JC73 .O6 1960
|h Library of Congress classification
|i unmediated -- volume
|
| 998 |
f |
f |
|a JC73 .O6 1960
|t 0
|l Bodrum (located in Turkey)
|
| 998 |
f |
f |
|a JC73 .O6 1960
|t 0
|l Remote Storage
|